Central Library OPAC University of Rajshahi

The theory of beauty / (Record no. 28380)

MARC details
000 -LEADER
fixed length control field 00713nam a22002651 4500
001 - CONTROL NUMBER
control field 28380
003 - CONTROL NUMBER IDENTIFIER
rucl marc code BD-RjUL
005 - DATE AND TIME OF LATEST TRANSACTION
control field 20211209051256.0
008 - FIXED-LENGTH DATA ELEMENTS--GENERAL INFORMATION
fixed length control field 140330s1949 enk 001 0 eng
035 ## - SYSTEM CONTROL NUMBER
System control number (BD-RjUL)28461
System control number (OCoLC)3661010
040 ## - CATALOGING SOURCE
Original cataloging agency DLC
Transcribing agency ICIU
Modifying agency BD-RjUL
Language of cataloging eng
041 ## - LANGUAGE CODE
Language code of text/sound track or separate title eng
082 ## - DEWEY DECIMAL CLASSIFICATION NUMBER
Classification number 111.85
Author mark and year CAT 1949
100 1# - MAIN ENTRY--PERSONAL NAME
Personal name Carritt, E. F.
Fuller form of name (Edgar Frederick),
Dates associated with a name 1876-1964.
9 (RLIN) 3443
245 14 - TITLE STATEMENT
Title The theory of beauty /
Statement of responsibility, etc. E F Carritt
250 ## - EDITION STATEMENT
Edition statement 5th ed., rev.
260 ## - PUBLICATION, DISTRIBUTION, ETC. (IMPRINT)
Place of publication, distribution, etc. London :
Name of publisher, distributor, etc. Methuen,
Date of publication, distribution, etc. 1949.
300 ## - PHYSICAL DESCRIPTION
Pagination viii, 344 p. ;
Size 19 cm.
504 ## - BIBLIOGRAPHY, ETC. NOTE
Bibliography, etc Includes index.
650 #0 - SUBJECT ADDED ENTRY--TOPICAL TERM
Topical term or geographic name as entry element Aesthetics.
9 (RLIN) 86912
942 ## - ADDED ENTRY ELEMENTS (KOHA)
Source of classification or shelving scheme Dewey Decimal Classification
Koha item type Books
Holdings
Lost status Source of classification or shelving scheme Damaged status Not for loan Collection code Permanent Location Current Location Shelving location Date acquired Source of acquisition Cost, normal purchase price Total Checkouts Full call number Date last seen Copy number Koha item type Date checked out
  Dewey Decimal Classification   Added to bundle Non-fiction Central Library, University of Rajshahi Central Library, University of Rajshahi Reading Room 13/04/1956 A. B. C. 6.14   111.85 CAT 1949 30/03/2014 C-1 Books  
  Dewey Decimal Classification     Non-fiction Central Library, University of Rajshahi Central Library, University of Rajshahi   13/04/1956 A. B. C. 6.15 2 111.85 CAT 1962 27/12/2022 C-2 Books 18/12/2022